| 000 | 01985cas a2200385 4500 | ||
|---|---|---|---|
| 999 |
_c370854 _d370854 |
||
| 001 | 1755870779 | ||
| 003 | DE-627 | ||
| 005 | 20220714085800.0 | ||
| 007 | tu | ||
| 008 | 210423c20219999gw z| p| 0 |0ger c | ||
| 016 | 7 |
_a1232110663 _2DE-101 |
|
| 016 | 7 |
_a3061643-8 _2DE-600 |
|
| 035 | _a(DE-627)1755870779 | ||
| 035 | _a(DE-599)ZDB3061643-8 | ||
| 035 | _a(OCoLC)1247468635 | ||
| 040 |
_aDE-627 _bger _cDE-627 _erda _dDE-2950 |
||
| 041 | _ager | ||
| 044 | _cXA-DE | ||
| 110 | 2 |
_aKoordinierungsstelle für die Erhaltung des Schriftlichen Kulturguts _eVerfasserIn _0(DE-588)1027232353 _0(DE-627)728652366 _0(DE-576)372669026 _4aut |
|
| 245 | 1 | 0 |
_aJahresbericht der KEK ... _bOriginalerhalt in KEK-Modellprojektförderung und BKM-Sonderprogramm _cHerausgeberin: Koordinierungsstelle für die Erhaltung des schriftlichen Kulturguts (KEK) an der Staatsbibliothek zu Berlin - Preußischer Kulturbesitz |
| 264 | 3 | 1 |
_aBerlin _bKoordinierungsstelle für die Erhaltung des schriftlichen Kulturguts (KEK) an der Staatsbibliothek zu Berlin - Preußischer Kulturbesitz _c2021- |
| 300 |
_a56 S.: _bzahlreiche Abbildungen. |
||
| 336 |
_aText _btxt _2rdacontent |
||
| 337 |
_aohne Hilfsmittel zu benutzen _bn _2rdamedia |
||
| 338 |
_aBand _bnc _2rdacarrier |
||
| 362 | 0 | _a2020- | |
| 363 | 0 | 1 | _i2020 |
| 500 | _a2020; 2021 | ||
| 610 | 2 | 0 | _aKoordinierungsstelle für die Erhaltung des Schriftlichen Kulturguts |
| 655 | 7 |
_aZeitschrift _0(DE-588)4067488-5 _0(DE-627)10454466X _0(DE-576)20917000X _2gnd-content |
|
| 655 | 7 |
_aBericht _0(DE-588)4128022-2 _0(DE-627)104616091 _0(DE-576)209598573 _2gnd-content |
|
| 951 | _aJT | ||
| 776 | 0 | 8 |
_iErscheint auch als _nOnline-Ausgabe _aKoordinierungsstelle für die Erhaltung des Schriftlichen Kulturguts _tJahresbericht der KEK ... _dBerlin : Koordinierungsstelle für die Erhaltung des schriftlichen Kulturguts (KEK) an der Staatsbibliothek zu Berlin - Preußischer Kulturbesitz, 2021 _hOnline-Ressource _w(DE-627)1755871325 _w(DE-600)3061646-3 |
| 942 |
_2z _cZS |
||